[Event "CFO-chT"]
[Site "Elets"]
[Date "2008.12.18"]
[Round "2"]
[White "Afanasiev, Juri"]
[Black "Airapetian, Gor"]
[Result "0-1"]
[WhiteElo "2014"]
[BlackElo "2378"]
[PlyCount "50"]
[EventDate "2008.12.17"]
[EventType "team-tourn"]
[EventRounds "7"]
[EventCountry "RUS"]
[SourceTitle "EXT 2011"]
[Source "ChessBase"]
[SourceDate "2010.11.26"]
[SourceVersion "1"]
[SourceVersionDate "2010.11.26"]
[SourceQuality "1"]

1. e4 e6 2. d4 d5 3. Nd2 c5 4. Ngf3 cxd4 5. Nxd4 Nf6 6. exd5 Nxd5 7. N2f3 Be7 8. Be2 0-0 9. 0-0 Nd7 10. c4 N5f6 11. Bf4 a6 12. Ne5 Nxe5 13. Bxe5 Qa5 14. Nf3 Rd8 15. Qc2 Bd7 16. Bc3 Qc7 17. Ne5 Be8 18. f4 b5 19. Bf3 Rac8 20. cxb5 axb5 21. Qb3 b4 22. Be1 Bb5 23. Bxb4 Bxb4 24. Qxb4 Bxf1 25. Nc6 Ba6 0-1

[Event "Elets-ch op"]
[Site "Elets"]
[Date "2007.10.25"]
[Round "5"]
[White "Ryakhovskiy, Alexander"]
[Black "Afanasiev, Juri"]
[Result "0-1"]
[WhiteElo "1906"]
[BlackElo "2036"]
[PlyCount "87"]
[EventDate "2007.10.22"]
[EventType "swiss"]
[EventRounds "9"]
[EventCountry "RUS"]
[SourceTitle "EXT 2022"]
[Source "ChessBase"]
[SourceDate "2021.10.06"]
[SourceVersion "1"]
[SourceVersionDate "2021.10.06"]
[SourceQuality "1"]

1. e4 d5 2. exd5 Qxd5 3. Nc3 Qa5 4. d4 Nf6 5. Nf3 Bg4 6. h3 Bh5 7. Bd2 c6 8. g4 Bg6 9. Ne5 Nbd7 10. f4 e6 11. Bg2 0-0-0 12. Qf3 Bb4 13. f5 Nxe5 14. dxe5 Qxe5+ 15. Qe3 Qxe3+ 16. Bxe3 exf5 17. gxf5 Bxf5 18. Rf1 Rhe8 19. Kf2 Ne4+ 20. Bxe4 Bxe4 21. Nxe4 Rxe4 22. Bxa7 Rd2+ 23. Kf3 Ree2 24. c3 Ba5 25. b4 Bc7 26. Bd4 Be5 27. a4 Bxd4 28. cxd4 Kd7 29. b5 cxb5 30. axb5 Re6 31. Rfd1 Rxd1 32. Rxd1 Rb6 33. Rb1 Kd6 34. Ke4 g6 35. h4 f5+ 36. Kf4 Kd5 37. Kg5 Kxd4 38. Kh6 Ke4 39. Kxh7 f4 40. Rg1 f3 41. Rxg6 Rxg6 42. Kxg6 f2 43. h5 f1Q 44. h6 0-1

[Event "RUS Central Region-chT club"]
[Site "Tula"]
[Date "2005.11.25"]
[Round "1"]
[White "Afanasiev, Juri"]
[Black "Grinblat, Dmitry"]
[Result "1/2-1/2"]
[WhiteElo "2037"]
[BlackElo "2368"]
[PlyCount "61"]
[EventDate "2005.11.25"]
[EventType "team"]
[EventRounds "5"]
[EventCountry "RUS"]
[SourceTitle "CBM 109 Extra"]
[Source "ChessBase"]
[SourceDate "2006.01.03"]
[SourceVersion "2"]
[SourceVersionDate "2006.01.03"]
[SourceQuality "1"]

1. d4 d5 2. Nf3 Nf6 3. g3 e6 4. Bg2 c5 5. 0-0 Nc6 6. Nc3 Be7 7. a3 0-0 8. dxc5 Bxc5 9. b4 Be7 10. Bb2 Qb6 11. e3 Bd7 12. Qe2 Na5 13. Ne5 Rac8 14. Nxd7 Nxd7 15. Nxd5 exd5 16. Bd4 Bc5 17. bxc5 Qc6 18. Qf3 Nf6 19. Bxf6 Qxf6 20. Qxf6 gxf6 21. Bxd5 Rxc5 22. Be4 b6 23. Bd3 Rc3 24. Rfb1 Rd8 25. Rb4 h6 26. a4 Rdc8 27. Rh4 Kg7 28. Rb1 Nc4 29. Kg2 Rc5 30. Rb5 Ne5 31. Rxc5 1/2-1/2